000 01636cam a2200337 a 4500
001 15456557
003 OSt
005 20260316160835.0
008 080918s2009 ilu b 000 0 eng
010 _a 2008040948
020 _a9781433502606
_qpbk.
035 _a15456557
040 _aDLC
_cDLC
_dDLC
050 0 0 _aBS480
_b.N48 2009
082 0 0 _a220.1
_222
100 1 _aNichols, Stephen J.,
_d1970-
245 1 0 _aAncient Word, changing worlds :
_bthe doctrine of Scripture in a modern age /
_cStephen J. Nichols and Eric T. Brandt.
260 _aWheaton, Ill. :
_bCrossway Books,
_cc2009.
300 _a171 p. ;
_c22 cm.
336 _atext
_btxt
_2rdacontent
337 _aunmediated
_bn
_2rdamedia
338 _avolume
_bnc
_2rdacarrier
504 _aIncludes bibliographical references.
505 0 _aSacred word in the modern world: the inspiration of Scripture -- In their own words: select documents on the inspiration of Scripture -- Battling for the Bible in the modern world: the inerrancy of Scripture -- In their own words: select documents on the inerrancy of Scripture -- Finding meaning in the (post-)modern world: the interpretation of Scripture -- In their own words: select documents on the interpretation of Scripture.
630 0 0 _aBible
_xEvidences, authority, etc.
700 1 _aBrandt, Eric T.,
_d1984-
906 _a7
_bcbc
_corignew
_d1
_eecip
_f20
_gy-gencatlg
942 _2lcc
_cBK
999 _c21488
_d21487